Guess the 1970s song lyrics #49 - Statistics

General Stats
  • This quiz has been taken 30 times
    4 since last reset
  • The average score is 255 of 304
Answer Stats
Answer % Correct
a
100%
and
100%
be
100%
But
100%
can
100%
do
100%
for
100%
freedom
100%
had
100%
have
100%
high
100%
I
100%
If
100%
I've
100%
know
100%
like
100%
love
100%
man
100%
me
100%
my
100%
of
100%
Oh
100%
Philadelphia
100%
that
100%
the
100%
The
100%
this
100%
to
100%
was
100%
you
100%
You
100%
your
100%
alone
67%
answer
67%
beating
67%
behind
67%
between
67%
born
67%
breathe
67%
cause
67%
Cause
67%
changed
67%
choose
67%
daddy
67%
day
67%
done
67%
easy
67%
eyes
67%
family
67%
find
67%
flag
67%
From
67%
Gave
67%
gets
67%
good
67%
heart
67%
home
67%
I'd
67%
knee
67%
leave
67%
left
67%
less
67%
life
67%
light
67%
live
67%
living
67%
mind
67%
more
67%
never
67%
old
67%
on
67%
ones
67%
others
67%
peace
67%
people
67%
right
67%
Right
67%
road
67%
rolling
67%
say
67%
shine
67%
Shine
67%
Some
67%
someone
67%
stone
67%
through
67%
ties
67%
Til
67%
times
67%
took
67%
used
67%
waved
67%
without
67%
won't
67%
work
67%
ya
67%
yeah
67%
Yes
67%
yes
67%
city
33%
whippoorwill
33%
zapped
33%
No matching quizzes found
Score Distribution
Percent of People with Each Score
Percentile by Number Answered
Your Score History
You have not taken this quiz since the last reset